000 00295nam a22001337a 4500
008 181122b xxu||||| |||| 00| 0 eng d
041 _aeng
080 _a610.73
082 _a610.73
100 _a1
101 _aINF
245 _aPain Menagment Nursing
_cWillens.J.S
942 _2udc
_cBK
999 _c52346
_d52346